| 000 | 06191nas1a22006131 4500 | ||
|---|---|---|---|
| 001 | RU\NLR\INFOCOMM44\1000007543 | ||
| 005 | 20250807190220.0 | ||
| 035 | _a(NLR Aleph) 002469800 | ||
| 090 |
_a88740 _c88740 |
||
| 100 | _a20250807 rusy50 | ||
| 101 | 0 | _arus | |
| 102 | _aKZ | ||
| 110 | _azyu||||0|y0 | ||
| 200 | 1 | _aУченые записки Казахского государственного университета им. С.М. Кирова | |
| 207 | 1 | _aТ.1-56 | |
| 210 |
_aАлма-Ата _cКаз. гос. изд. _d1938-1963 |
||
| 300 | _aТ. 1-11 хранятся в Русском книжном фонде (шифры разные) | ||
| 300 | _aТ. 23, 50-52, 55 не были изданы. | ||
| 300 | _aПосле Т. 56 выходят ненум. темат. выпуски (хранятся в Русском книжном фонде) | ||
| 430 | 0 |
_1001rc\2969680 _12001#$aУченые записки Казахского государственного университета им. С.М. Кирова |
|
| 517 | 1 | _aУченые записки | |
| 710 | 0 | 2 |
_aКазахский университет им. С. М. Кирова _cАлма-Ата _3RU\NLR\AUTH\884194 _4070 |
| 801 | 1 |
_aRU _bInfoComm _c20040325 |
|
| 801 | 0 |
_aRU _bNLR _gPSBO |
|
| 852 |
_aNLR _jП1/91 _yс т. 12 |
||
| 942 | _cSE | ||
| 945 |
_aРоссийская национальная библиотека _aНациональная библиотека Республики Казахстан |
||
| 980 | _aBV | ||
| 980 | _aRUSPER | ||